000 00916nam a2200217Ii 4500
003 JO-AjNU
008 230605s9999||||xx |||||||||||||| ||und||
017 _a2015/5/2393
040 _aJO-AjNU
_bara
_erda
_cJO-AjNU
041 _aara
050 1 4 _aQA445 2015
100 3 _aشاكر، محمود,
_eauthor
_951504
245 0 0 _aالقاعدة الذهبية في القطع المكافىء والمنحنى التكعيبي: نسب الأجزاء: معلومات عن الدائرة والمضلعات ومسائل عليها المثلث والحجوم الدورانية = New Laws And Theories In Mathematics، الجزء الأول
250 _aط2
264 3 1 _aعمان: المؤلف، 2015
300 _aج1، 120ص
336 _atext
_btxt
_2rdacontent
337 _aunmediated
_bn
_2rdamedia
338 _avolume
_bnc
_2rdacarrier
650 4 _aالرياضيات - المنطق الرياضي
_951505
999 _aA22758
_c26326
_d26326